Open Data Biblioteca Nacional de Portugal


República Portuguesa: Ministério da Cultura
Biblioteca Nacional de Portugal

Catálogo da BNP: acesso por Identificadores Unívocos
Registos Bibliográficos associados ao registo de autoridade

Etiqueta de registo: 00563cam 022001931 04500
001 286958
003 http://id.bnportugal.gov.pt/bib/catbnp/286958
005 19990515123400.0
095 ## $aPTBN00298797
100 ## $a19581101d1958 m y0pora0103 ba
101 0# $apor
102 ## $aPT
200 1# $aJuventude vertebrada$fAntónio Joäo Bispo$gil. Moreira Rijo
210 #9 $aLisboa$cCentro de Apostolado do Coração de Maria,$d[D.L. 1958]
215 ## $a104, [2] p.$cil.$d18 cm
675 ## $a24$vmed$zpor$3288012
700 #1 $aBispo,$bAntónio João$314467
702 #1 $aRijo,$bMoreira$4440$3451989
801 #0 $aPT$bBN$gRPC
966 ## $lBN$mFGMON$sR. 32549 P.
997 ## $aBIBEOD

Etiqueta de registo: 00000nkm 2200025 450
001 2282143
003 http://id.bnportugal.gov.pt/bib/catbnp/2282143
100 ## $a20260320d1982 m y0pory01030103ba
101 0# $apor
102 ## $aPT
200 1# $aDebate Sindical sobre a Lei 12-81, "Protecção da Música Portuguesa na sua Difusão pela Rádio e Pela Televisão", Aula Magna da Reitoria da Universidade de Lisboa, 23 janeiro 82$bVisual gráfico]$fSTT$gdesenho de Moreira Rijo, 1982
210 #9 $a[Lisboa]$cSindicato dos Trabalhadores das Telecomunicações,$d1982
215 ## $a1 cartaz$ccolor.$d48,7x34,2 cm
317 ## $aColeção Madeira Luís
702 #1 $aRijo,$bMoreira$4440$3451989
710 02 $aSindicato dos Trabalhadores das Telecomunicações$317422
801 #0 $aPT$bBN$gRPC
966 ## $lBN$mICONOG$sCT. 17037 V.$x3
971 ## $cCaticonografia5$d20260320
995 ## $aPRR2026

OpendataBNP@bnportugal.pt | Mais informação sobre acesso aos dados BNP